| 000 | 01894nam a2200253 i 4500 | ||
|---|---|---|---|
| 001 | 130357 | ||
| 003 | ES-MaACL | ||
| 005 | 20250604062543.0 | ||
| 007 | t| | ||
| 008 | 070726s1982 sp ||||1| spa d | ||
| 100 | 1 |
_aZambrano, María, _d1904-1991 _9117914 |
|
| 245 | 1 | 3 |
_aLa España de Galdós / _cMaría Zambrano ; dibujos de Ramón Gaya. |
| 260 |
_aBarcelona : _bLa Gaya Ciencia, _c1982. |
||
| 300 |
_a148 p. ; _c21 cm. |
||
| 490 | 1 |
_aEnsayo ; _v41 |
|
| 520 | _aAdemás de autora de hondas reflexiones y ensayos filosóficos como "Claros del bosque" o "La tumba de Antígona" (publicados en esta misma colección), María Zambrano (1904-1991) fue también una excelente cronista que, desde su vocación como pensadora, no desdeñó asomarse a otros campos del conocimiento. En el presente volumen, fundamental en su producción como "crítica literaria", aboga por una de las figuras clave de la literatura española, Benito Pérez Galdós (1843-1920), centrando el tiro en una de sus obras cumbre, "Misericordia" (1897, publicada igualmente en esta colección), en la que el escritor canario mostró sin tapujos su desencanto con los intentos regeneracionistas que imaginó para la clase media española. Como apunta el profesor Mora García en la introducción, la lucidez de Zambrano sale aquí a relucir, convirtiendo la recuperación de "Misericordia" «en un alegato moral y político, como lo había sido la novela galdosiana», así como en una reivindicación de la figura femenina a través de la heroína de la obra, Nina. Introducción de José Luis Mora García | ||
| 600 | 1 | 4 |
_aPérez Galdós, Benito, _d1843-1920- _xCrítica e interpretación _990875 |
| 651 | 7 |
_aEspaña- _xHistoria- _yS.XIX _2 _9142005 |
|
| 700 | 1 |
_aGaya, Ramón, _d1910-2005 _956125 |
|
| 830 | 0 |
_aEnsayo ; _v41 _9177699 |
|
| 852 | 4 |
_a BA _jL-4312 |
|
| 942 | _2udc | ||
| 999 |
_c130357 _d130357 |
||